01331nab a22002537a 4500003000400000005001700004008004100021040000700062100002300069245012300092260007300215300001500288500004300303505024100346505009800587505009000685650002600775650002300801650002800824650003900852650004000891650001400931773013200945OSt20251123231404.0190603e xxum|||| |||| 00| 0 spa d cPJ aOrtiz, Diego Oscar13aLa interpretación de los no-acuerdos en contexto de violencia de género familiar económica /cDiego Oscar Ortiz. cCiudad Autónoma de Buenos Aires :aThomson Reuters La Ley, b2025. ap. 127-133 aCita Online: TR LALEY AR/DOC/55/2025.  aSumario: I. Introducción.— II. Los hechos del caso.— III. Los acuerdos entre cónyuges.— IV. La violencia como vicio de la voluntad.— V. El menoscabo de recursos y los supuestos de violencia económica.— VI. Conclusión.  tFallo comentado: ST Río Negro ~ 12/08/2024 ~ A. L. G. C. C. M. M. s/ varios s/ casación. t¿Te interesa el texto completo? Solicitalo al correo: koha@justierradelfuego.gov.ar  0aVIOLENCIA DE GÉNERO 0aVIOLENCIA FAMILIAR 0aPERSPECTIVA DE GÉNERO 0aREGIMEN PATRIMONIAL DEL MATRIMONIO 0aLIQUIDACION DE LA SOCIEDAD CONYUGAL 0aCÓNYUGE0 02713dCiudad Autónoma de Buenos Aires : Thomson Reuters La Ley, 2015-tRevista Código Civil y Comercial. Nº 2 - Abril 2025